|
|
|
|
| LEADER |
01280nam a2200325 a 4500 |
| 001 |
c000122811 |
| 003 |
CARM |
| 005 |
19941031000000.0 |
| 008 |
901012s1969 xnaabf b 001 0 eng d |
| 019 |
1 |
|
|a 22603044
|z 45908055
|z 23885933
|z 24625028
|z 26504953
|z 21837779
|z 49164982
|z 10158734
|z 8010721
|5 LACONCORD2021
|
| 035 |
|
|
|a (OCoLC)44639
|5 LACONCORD2021
|
| 040 |
|
|
|a AUC
|b eng
|c AUC
|d AUC
|
| 042 |
|
|
|a anuc
|
| 043 |
|
|
|a u-at---
|
| 050 |
|
4 |
|a QE758
|b .L3 1969
|
| 082 |
0 |
4 |
|a 560
|2 20
|
| 082 |
0 |
4 |
|a 551.7
|2 20
|
| 100 |
1 |
|
|a Laseron, Charles Francis.
|
| 245 |
1 |
0 |
|a Ancient Australia :
|b the story of its past geography and life /
|c by Charles Laseron ; revised by Rudolph Oskar Brunnschweiler.
|
| 250 |
|
|
|a Rev. ed.
|
| 260 |
|
|
|a Sydney :
|b Angus and Robertson,
|c 1969.
|
| 300 |
|
|
|a 253 p., 38 p. of plates :
|b ill., maps (1 fold.) ;
|c 24 cm.
|
| 500 |
|
|
|a Includes index.
|
| 504 |
|
|
|a Bibliography p. [228]-234.
|
| 650 |
|
0 |
|a Paleontology
|z Australia.
|
| 650 |
|
0 |
|a Paleogeography
|z Australia.
|
| 700 |
1 |
|
|a Brunnschweiler, Rudolf Oskar,
|d 1915-
|
| 852 |
8 |
|
|b CARM
|h A2:AE23F0
|i C00215
|p 0011117
|f BK
|
| 999 |
f |
f |
|i 65926255-779c-5e72-b0f8-3dc9b9d1df5e
|s ea637ce3-6f33-52d6-99b6-1952d1183de0
|
| 952 |
f |
f |
|p Can circulate
|a CAVAL
|b CAVAL
|c CAVAL
|d CARM 1 Store
|e C00215
|f A2:AE23F0
|h Other scheme
|i book
|m 0011117
|